Komentár k zákonu č. 431/2002 Z.z. o účtovníctve

Komentár k zákonu č. 431/2002 Z.z. o účtovníctve, ktorý nadobudol účinnosť od 1. januára 2003.

Saved in:
Bibliographic Details
Main Author: Fabian, Štefan
Format: Book Chapter
Language:Slovak
Subjects:
Tags: Add Tag
No Tags, Be the first to tag this record!

MARC

LEADER 00000naa a2200000 4500
001 r047789
005 20231002075356.7
041 0 |a slo 
044 |a SK 
245 1 0 |a Komentár k zákonu č. 431/2002 Z.z. o účtovníctve  |c Štefan Fabian 
520 |a Komentár k zákonu č. 431/2002 Z.z. o účtovníctve, ktorý nadobudol účinnosť od 1. januára 2003. 
610 2 0 |a účtovníctvo 
610 2 0 |a zákony 
610 2 0 |a komentáre 
610 2 0 |a 2002 
100 1 |a Fabian, Štefan